000 01103nam a2200325 i 4500
001 000048011
003 DO-SdBNP
005 20260316084720.0
007 ta
008 181015s2009 dr r 000 0 spa d
020 _a9789993423041
040 _aDO-SdBNP
_bspa
_cBNPHU
_erda
041 _aspa
082 4 _a215
_bS237d 2009
_222
100 1 _aSantos Nivar, Juana De los,
_eautor
_4aut.
_950451
245 1 0 _aDesvelando el misterio de iniquidad :
_bdescubra el verdadero rostro de la nueva era /
_cJuana de los Santos Nivar.
250 _atercera edición
264 1 _aSanto Domingo :
_bMinisterio de oración y formación,
_c2009.
300 _a195 páginas ;
_c22 cm.
336 _atexto
_btxt
_2rdacontent
337 _asin mediación
_bn
_2rdamedia
338 _avolumen
_bnc
_2rdacarrier
500 _aIncluye referencias bibliográficas y notas al pie de las páginas
504 _aBibliografía : páginas 193-195
590 _aInventariado, 2020/BT
650 4 _aCristianismo
_9885
650 4 _aReligión y ciencia
_97388
650 4 _aFilosofía cristiana
_9390
942 _2ddc
_cLBS1
999 _c47499
_d47499